[Event "Chigorin Memorial"]
[Site "St Petersburg"]
[Date "2015.10.09"]
[Round "7.98"]
[White "Khalaji, Hanieh"]
[Black "Zhikharev, Valeriy"]
[Result "1-0"]
[WhiteElo "2006"]
[BlackElo "2212"]
[PlyCount "39"]
[EventDate "2015.10.03"]
[EventRounds "9"]
[EventCountry "RUS"]

1. e4 e6 2. d4 d5 3. exd5 exd5 4. Nf3 Bd6 5. c4 dxc4 6. Bxc4 Nf6 7. Nc3 O-O 8.
O-O Bg4 9. Bg5 Nbd7 10. h3 Bh5 11. Ne4 Be7 12. Ng3 Bg6 13. Re1 h6 14. Nh4 Bh7
15. Nhf5 Bb4 16. Bd2 Bxd2 17. Qxd2 Nb6 18. Bb3 Nfd5 19. Re5 Qd7 20. Bxd5 1-0

[Event "Chigorin Memorial"]
[Site "St Petersburg"]
[Date "2015.10.09"]
[Round "7.99"]
[White "Ngnegevo, Filipp"]
[Black "Zaykov, Sergey"]
[Result "1/2-1/2"]
[WhiteElo "1937"]
[BlackElo "2210"]
[PlyCount "107"]
[EventDate "2015.10.03"]
[EventRounds "9"]
[EventCountry "RUS"]

1. e4 Nf6 2. e5 Nd5 3. d4 d6 4. Nf3 Bg4 5. Be2 c6 6. h3 Bxf3 7. Bxf3 dxe5 8.
dxe5 e6 9. O-O Nd7 10. Re1 Qc7 11. c4 Ne7 12. Qe2 Ng6 13. Bh5 Bc5 14. Bxg6 hxg6
15. Bd2 Rh5 16. Bc3 Rf5 17. Rf1 O-O-O 18. b4 Be7 19. Re1 Nxe5 20. Bxe5 Rxe5 21.
Qxe5 Qxe5 22. Rxe5 Rd1+ 23. Kh2 Bf6 24. f4 g5 25. g3 gxf4 26. gxf4 g5 27. Rxg5
Bxa1 28. Na3 e5 29. Nc2 Bb2 30. fxe5 Rd2+ 31. Rg2 Bxe5+ 32. Kg1 Rd1+ 33. Kf2
Rh1 34. Ke2 Rxh3 35. Rg8+ Kd7 36. Rf8 Ke6 37. Ra8 Rc3 38. Kd2 Rxc4 39. Rxa7 b5
40. a4 bxa4 41. Rxa4 f5 42. Ra6 Kd7 43. Ra5 Kd6 44. Ra6 Kc7 45. Ra5 Kd6 46. Ra6
Ke7 47. Ne3 Rxb4 48. Rxc6 Bf4 49. Ke2 Re4 50. Rc3 Kf6 51. Kf3 Kg5 52. Nd5 Be5
53. Re3 Rxe3+ 54. Nxe3 1/2-1/2

[Event "Chigorin Memorial"]
[Site "St Petersburg"]
[Date "2015.10.09"]
[Round "7.100"]
[White "Larin, Maxim"]
[Black "Kuryshev, Ivan"]
[Result "1/2-1/2"]
[WhiteElo "2199"]
[BlackElo "1989"]
[PlyCount "99"]
[EventDate "2015.10.03"]
[EventRounds "9"]
[EventCountry "RUS"]

1. d4 Nf6 2. c4 g6 3. Nc3 Bg7 4. e4 d6 5. Nf3 O-O 6. Be2 e5 7. O-O Nc6 8. d5
Ne7 9. Ne1 Nd7 10. Be3 f5 11. f3 f4 12. Bf2 g5 13. Rc1 b6 14. b4 Ng6 15. Nd3
Nf6 16. c5 Rf7 17. a4 h5 18. h3 Bh6 19. Rc2 Rg7 20. Ne1 Nf8 21. cxd6 cxd6 22.
Qd3 g4 23. fxg4 hxg4 24. hxg4 Nxg4 25. Bxg4 Bxg4 26. Nf3 Nh7 27. Nb5 a6 28.
Nxd6 Qxd6 29. Rc6 Qxb4 30. Rxh6 Bxf3 31. Qxf3 Ng5 32. Qh5 Nf7 33. Rg6 Qxe4 34.
Rxg7+ Kxg7 35. Rd1 Rd8 36. d6 Rxd6 37. Rxd6 Nxd6 38. Qg5+ Kf7 39. Bh4 Ke6 40.
Qg8+ Kd7 41. Qd8+ Kc6 42. Qa8+ Kc5 43. Bf2+ Kb4 44. Qxa6 Nc4 45. Bxb6 Qe1+ 46.
Kh2 Qh4+ 47. Kg1 Qe1+ 48. Kh2 Qg3+ 49. Kh1 Qe1+ 50. Kh2 1/2-1/2

[Event "Chigorin Memorial"]
[Site "St Petersburg"]
[Date "2015.10.09"]
[Round "7.101"]
[White "Purtov, Konstantin"]
[Black "Rubtsov, Aleksandr"]
[Result "1-0"]
[WhiteElo "2199"]
[BlackElo "1924"]
[PlyCount "59"]
[EventDate "2015.10.03"]
[EventRounds "9"]
[EventCountry "RUS"]

1. e4 e5 2. Nf3 Nc6 3. Nc3 Nf6 4. g3 Bb4 5. Bg2 d6 6. d3 h6 7. a3 Ba5 8. b4 Bb6
9. Na4 Bg4 10. h3 Be6 11. Bb2 Qd7 12. g4 Ne7 13. Nxb6 axb6 14. d4 exd4 15. Nxd4
Ng6 16. Nf5 Bxf5 17. exf5 Ne5 18. O-O O-O 19. f4 Nc6 20. g5 hxg5 21. fxg5 Nh7
22. Qh5 Rab8 23. g6 fxg6 24. fxg6 Nf6 25. Bd5+ Rf7 26. Bxf7+ Kf8 27. Bxf6 gxf6
28. Qh8+ Ke7 29. Qxf6+ Kf8 30. g7# 1-0

[Event "Chigorin Memorial"]
[Site "St Petersburg"]
[Date "2015.10.09"]
[Round "7.102"]
[White "Menkov, Aleksandr"]
[Black "Permin, Viktor"]
[Result "1-0"]
[WhiteElo "2197"]
[BlackElo "1978"]
[PlyCount "97"]
[EventDate "2015.10.03"]
[EventRounds "9"]
[EventCountry "RUS"]

1. e4 e5 2. Bc4 Nc6 3. c3 Nf6 4. d4 Nxe4 5. d5 Ne7 6. Qe2 Nd6 7. Bb3 Ng6 8. Bc2
f5 9. g4 Be7 10. gxf5 Nh4 11. Qh5+ Nf7 12. d6 Bxd6 13. Bb3 g6 14. Qg4 Nxf5 15.
Nf3 Qf6 16. Nbd2 N7h6 17. Qh3 Bf8 18. Ne4 Qc6 19. Bd5 Qa6 20. Bg5 Bg7 21. O-O-O
d6 22. Kb1 c6 23. Bb3 d5 24. Nf6+ Bxf6 25. Bxf6 O-O 26. Bxe5 Nf7 27. Qg2 Nxe5
28. Nxe5 Qe2 29. Rhe1 Qh5 30. c4 Nh4 31. Qh1 Bf5+ 32. Ka1 Be4 33. Rxe4 dxe4 34.
c5+ Kh8 35. Qxe4 Nf5 36. Rd7 Rae8 37. Nf7+ Kg7 38. Nd6+ Ne7 39. Nxe8+ Rxe8 40.
Rxe7+ Rxe7 41. Qxe7+ Kh6 42. h4 Qf3 43. Qe1 Qh3 44. Qd2+ Kg7 45. Qd4+ Kh6 46.
Qf4+ Kg7 47. Qf7+ Kh6 48. Qf8+ Kh5 49. Bd1+ 1-0

[Event "Chigorin Memorial"]
[Site "St Petersburg"]
[Date "2015.10.09"]
[Round "7.103"]
[White "Shpartko, Grigory"]
[Black "Nuritdinov, Nizomiddin"]
[Result "1-0"]
[WhiteElo "2193"]
[BlackElo "1918"]
[PlyCount "125"]
[EventDate "2015.10.03"]
[EventRounds "9"]
[EventCountry "RUS"]

1. d4 d5 2. c4 e6 3. Nf3 Nf6 4. Nc3 Be7 5. Bf4 Nh5 6. Bg3 Nxg3 7. hxg3 c6 8. e3
Nd7 9. c5 b5 10. b4 a5 11. a3 Qc7 12. Be2 e5 13. Nh4 g6 14. f4 exd4 15. exd4
Bf6 16. Nf3 O-O 17. O-O Bg7 18. Ne5 f6 19. Nf3 f5 20. Qb3 Nf6 21. Bd3 Be6 22.
Rfe1 Bf7 23. Ne5 Ne4 24. Ne2 a4 25. Qb2 Be6 26. Kh2 Rac8 27. Ng1 Bxe5 28. dxe5
Qg7 29. Nf3 h6 30. Qe2 Rc7 31. Qe3 Rcf7 32. Rf1 Kh8 33. Rac1 Rg8 34. Rh1 Qf8
35. Ng1 g5 36. Ne2 gxf4 37. gxf4 Rfg7 38. Bxe4 fxe4 39. g3 Rg4 40. Kg2 Kh7 41.
Rh5 R4g6 42. Rh4 Bg4 43. Rxg4 Rxg4 44. Rh1 Qg7 45. Rh3 Rf8 46. Kh2 Rg6 47. Nd4
Qd7 48. f5 Rxf5 49. e6 Qe7 50. Rxh6+ Rxh6+ 51. Qxh6+ Kxh6 52. Nxf5+ Kg5 53.
Nxe7 Kf6 54. Nxc6 Kxe6 55. g4 Kf6 56. Kg3 Ke6 57. Nd4+ Ke5 58. Nxb5 d4 59. Nxd4
Kxd4 60. c6 e3 61. c7 Kd3 62. c8=Q e2 63. Qc1 1-0

[Event "Chigorin Memorial"]
[Site "St Petersburg"]
[Date "2015.10.09"]
[Round "7.104"]
[White "Mischeryakov, Alexey"]
[Black "Vunder, Andrey"]
[Result "0-1"]
[WhiteElo "1923"]
[BlackElo "2192"]
[PlyCount "96"]
[EventDate "2015.10.03"]
[EventRounds "9"]
[EventCountry "RUS"]

1. e4 c6 2. Nc3 d5 3. Qf3 dxe4 4. Nxe4 Nd7 5. d4 Ngf6 6. c3 Nxe4 7. Qxe4 Nf6 8.
Qc2 Bg4 9. Bd3 Bh5 10. Ne2 Bg6 11. Nf4 e6 12. Nxg6 hxg6 13. Be3 Qd5 14. f3 Bd6
15. c4 Qa5+ 16. Bd2 Bb4 17. Bxb4 Qxb4+ 18. Qc3 Qd6 19. c5 Qf4 20. Bf1 O-O-O 21.
Rd1 Rxh2 22. Rxh2 Qxh2 23. Rd2 Qf4 24. Bc4 Nd5 25. Bxd5 Rxd5 26. b4 Rh5 27. Kd1
Qf5 28. Kc1 Rh1+ 29. Kb2 Qb1+ 30. Ka3 Rc1 31. Qb2 Re1 32. Qxb1 Rxb1 33. Ka4 b6
34. g4 Kb7 35. Re2 Rd1 36. Re4 b5+ 37. Kb3 Rd3+ 38. Kc2 Rxf3 39. g5 a5 40. bxa5
Ka6 41. Kd2 Kxa5 42. Ke2 Rf5 43. Re3 b4 44. Kd3 Rxg5 45. a3 bxa3 46. Kc4 Ka4
47. Rb3 Rg1 48. Rb6 Rc1+ 0-1

[Event "Chigorin Memorial"]
[Site "St Petersburg"]
[Date "2015.10.09"]
[Round "7.105"]
[White "Dragun, Valentin"]
[Black "Bezstrakhov, Dmitry"]
[Result "0-1"]
[WhiteElo "2190"]
[BlackElo "1903"]
[PlyCount "100"]
[EventDate "2015.10.03"]
[EventRounds "9"]
[EventCountry "RUS"]

1. e4 e6 2. d3 c5 3. Nd2 Nc6 4. Ngf3 d5 5. g3 Bd6 6. Bg2 Nge7 7. O-O O-O 8. Re1
Qc7 9. c3 f5 10. Qe2 Ng6 11. exd5 exd5 12. Ng5 Nce7 13. c4 d4 14. b4 h6 15. Ne6
Bxe6 16. Qxe6+ Kh7 17. bxc5 Bxc5 18. Rb1 Rab8 19. Nb3 Bb4 20. Rf1 Bc3 21. Ba3
Rf6 22. Qe2 b5 23. Bxe7 Nxe7 24. Nd2 b4 25. Rfe1 Nc6 26. Rbd1 a5 27. Bd5 Qd6
28. Qh5 g6 29. Qe2 a4 30. Qf3 b3 31. c5 Qxc5 32. axb3 a3 33. b4 Nxb4 34. Bc4
Qf8 35. Re2 Rd6 36. Nb3 Re8 37. Na1 Rxe2 38. Qxe2 Rd7 39. Rf1 Re7 40. Qd1 Qe8
41. Qf3 h5 42. h4 a2 43. Kg2 Qc6 44. Qxc6 Nxc6 45. Kf3 Nb4 46. Kf4 Re1 47. Rxe1
Bxe1 48. f3 Bc3 49. Nb3 Nc6 50. Na1 Bd2# 0-1

[Event "Chigorin Memorial"]
[Site "St Petersburg"]
[Date "2015.10.09"]
[Round "7.106"]
[White "Glukhov, Dmitriy"]
[Black "Baraeva, Marina"]
[Result "0-1"]
[WhiteElo "1893"]
[BlackElo "2189"]
[PlyCount "120"]
[EventDate "2015.10.03"]
[EventRounds "9"]
[EventCountry "RUS"]

1. d4 d5 2. Nf3 Nf6 3. g3 c5 4. c3 Nc6 5. Bg2 e6 6. O-O Bd6 7. Nbd2 O-O 8. Nb3
cxd4 9. cxd4 a5 10. Bg5 h6 11. Bxf6 Qxf6 12. Rc1 Qe7 13. e3 Bd7 14. Nc5 Be8 15.
Nd3 f6 16. Nf4 Bf7 17. Qd3 Rfd8 18. a3 a4 19. Rfd1 Ra6 20. Nd2 Rb6 21. Rc2 Qe8
22. Ne2 Bg6 23. e4 dxe4 24. Bxe4 f5 25. Bg2 Be5 26. Nc4 Rb3 27. Rc3 Rxc3 28.
bxc3 Bc7 29. f4 b5 30. Nb2 Na5 31. c4 bxc4 32. Nxc4 Bh5 33. Nxa5 Bxa5 34. Bf3
Bxf3 35. Qxf3 Bb6 36. Kg2 Rd5 37. h3 Qd7 38. Qc3 Rb5 39. Qc4 Rb2 40. Kf1 Kh7
41. d5 exd5 42. Qxd5 Qxd5 43. Rxd5 Rb3 44. Rxf5 Rxa3 45. Rb5 Be3 46. Kg2 Ra1
47. Ra5 a3 48. f5 Bg5 49. Ra8 Be7 50. h4 Ra2 51. Kf3 Rb2 52. Nf4 Bd6 53. Ng6
Rb8 54. Ra7 Kg8 55. g4 Bc5 56. Ra5 Bb4 57. Ra7 Rb5 58. Ke4 Ra5 59. Rb7 a2 60.
Rxb4 Ra8 0-1

[Event "Chigorin Memorial"]
[Site "St Petersburg"]
[Date "2015.10.09"]
[Round "7.107"]
[White "Basencyan, Mark"]
[Black "Keadana, Amir"]
[Result "1-0"]
[WhiteElo "2187"]
[BlackElo "1730"]
[PlyCount "63"]
[EventDate "2015.10.03"]
[EventRounds "9"]
[EventCountry "RUS"]

1. Nf3 d5 2. c4 Nf6 3. cxd5 Nxd5 4. Nc3 Nc6 5. g3 e5 6. Bg2 Nxc3 7. bxc3 e4 8.
Ng1 Bf5 9. Qa4 Qd5 10. Nh3 Bxh3 11. Bxh3 e3 12. O-O exd2 13. Bb2 Qa5 14. Qc2
Rd8 15. c4 Qh5 16. Bg2 Qxe2 17. Qa4 Rd6 18. Rad1 f6 19. Bd5 Qd3 20. Qb5 Kd7 21.
Qxb7 Nd4 22. Qxa7 Ne2+ 23. Kg2 g5 24. Qa4+ Kd8 25. Qa8+ Kd7 26. Ba1 Nc1 27.
Qa4+ Kd8 28. Rxd2 Qxd2 29. Rd1 Qxa2 30. Bxf6+ Rxf6 31. Be6+ Ke7 32. Qd7# 1-0

[Event "Chigorin Memorial"]
[Site "St Petersburg"]
[Date "2015.10.09"]
[Round "7.108"]
[White "Kochetkov, Victor N"]
[Black "Obgolts, Erik"]
[Result "0-1"]
[WhiteElo "1853"]
[BlackElo "2184"]
[PlyCount "166"]
[EventDate "2015.10.03"]
[EventRounds "9"]
[EventCountry "RUS"]

1. Nc3 c5 2. d4 cxd4 3. Qxd4 Nc6 4. Qd3 g6 5. g3 Bg7 6. Bg2 Nf6 7. e4 O-O 8. h3
d6 9. Nge2 a6 10. Be3 Ne5 11. Qd1 Nc4 12. Bc1 Rb8 13. O-O b5 14. Rb1 Bb7 15. b3
Nb6 16. a3 Qc7 17. Bb2 Rbc8 18. Kh2 Nbd7 19. Qd2 Nc5 20. f3 h5 21. h4 Rcd8 22.
Nd5 Nxd5 23. Bxg7 Kxg7 24. exd5 Nd7 25. Qd4+ Nf6 26. c4 bxc4 27. bxc4 Kh7 28.
Rb3 Ba8 29. g4 e5 30. dxe6 fxe6 31. g5 d5+ 32. Kg1 dxc4 33. Qb6 Nd5 34. Qxc7+
Nxc7 35. Rb4 Bd5 36. Re1 Rb8 37. f4 Rxb4 38. axb4 Rb8 39. Bxd5 Nxd5 40. Nd4
Nxf4 41. Re4 Rf8 42. Kh2 c3 43. Kg3 Nd5 44. Rxe6 Nxb4 45. Re7+ Kh8 46. Rc7 Nd5
47. Rc6 Rf4 48. Nf3 Rg4+ 49. Kf2 c2 50. Ne1 Nb4 51. Rc8+ Kg7 52. Nxc2 Nxc2 53.
Rxc2 Rxh4 54. Rc5 Rf4+ 55. Kg3 Ra4 56. Rc7+ Kf8 57. Kf3 Ra5 58. Ra7 Rxg5 59.
Rxa6 Kg7 60. Kf4 Rb5 61. Kg3 Kh6 62. Kh4 Rb4+ 63. Kg3 h4+ 64. Kh3 Kh5 65. Ra5+
g5 66. Rc5 Rb3+ 67. Kh2 Rf3 68. Ra5 Kg4 69. Ra4+ Rf4 70. Ra2 Re4 71. Rg2+ Kh5
72. Ra2 Re5 73. Rb2 g4 74. Rb1 Re2+ 75. Kh1 h3 76. Rg1 Kh4 77. Ra1 Rf2 78. Rb1
Rf4 79. Ra1 g3 80. Rg1 Kg4 81. Ra1 h2 82. Kg2 Rf2+ 83. Kh1 Kh3 0-1

[Event "Chigorin Memorial"]
[Site "St Petersburg"]
[Date "2015.10.09"]
[Round "7.109"]
[White "Mirzaeva, Gulnara"]
[Black "Vorobjev, Dmitry"]
[Result "1/2-1/2"]
[WhiteElo "1890"]
[BlackElo "2163"]
[PlyCount "98"]
[EventDate "2015.10.03"]
[EventRounds "9"]
[EventCountry "RUS"]

1. e4 c5 2. Nf3 d6 3. d4 Nf6 4. Nc3 cxd4 5. Nxd4 g6 6. Be3 Bg7 7. Bc4 O-O 8. f3
Nc6 9. Bb3 Bd7 10. Qd2 Rc8 11. a4 Ne5 12. a5 Nc4 13. Bxc4 Rxc4 14. O-O a6 15.
Ra2 Qc7 16. Nde2 Be6 17. b3 Rc6 18. Nd5 Qd8 19. c4 Bxd5 20. exd5 Rc8 21. Bh6
Bxh6 22. Qxh6 Qc7 23. Qe3 Nd7 24. Nd4 Qc5 25. Rd1 Rfe8 26. Nc2 Qxe3+ 27. Nxe3
Nc5 28. b4 Nd7 29. Rc2 Rc7 30. Rdc1 Ne5 31. Kf1 e6 32. Ke2 Kf8 33. f4 Nd7 34.
Kd2 Nf6 35. Kd3 Ke7 36. Re1 Kd7 37. Rec1 Nh5 38. g3 Nf6 39. Rc3 exd5 40. Nxd5
Nxd5 41. cxd5 Rxc3+ 42. Rxc3 Re1 43. Kd4 Re2 44. h3 Rb2 45. Kc4 Re2 46. Kd4 Rb2
47. Kc4 f5 48. Re3 Rg2 49. Kd4 Rd2+ 1/2-1/2

[Event "Chigorin Memorial"]
[Site "St Petersburg"]
[Date "2015.10.09"]
[Round "7.110"]
[White "Selezneva, Ekaterina"]
[Black "Lokander, Martin"]
[Result "0-1"]
[WhiteElo "1700"]
[BlackElo "2369"]
[PlyCount "80"]
[EventDate "2015.10.03"]
[EventRounds "9"]
[EventCountry "RUS"]

1. e4 e5 2. Bc4 Nf6 3. d4 exd4 4. Nf3 Nc6 5. e5 Ng4 6. O-O Be7 7. Bf4 f6 8.
exf6 Nxf6 9. Nxd4 Nxd4 10. Qxd4 d5 11. Bb3 O-O 12. Nc3 c6 13. Rfe1 Bd6 14. Bxd6
Qxd6 15. Ne4 Nxe4 16. Qxe4 Qf6 17. f3 Qxb2 18. Qe7 a5 19. a4 Qd4+ 20. Kh1 Qf6
21. Qc7 Qd8 22. Qxd8 Rxd8 23. Re7 Kf8 24. Rae1 Bd7 25. c4 Re8 26. Rxe8+ Rxe8
27. Rxe8+ Kxe8 28. cxd5 cxd5 29. Kg1 Ke7 30. Kf2 Kd6 31. Ke3 Kc5 32. g4 b5 33.
axb5 Bxb5 34. f4 a4 35. Ba2 a3 36. Kd2 Bc4 37. Bxc4 dxc4 38. Kc3 Kd5 39. f5 Ke5
40. h4 h5 0-1

[Event "Chigorin Memorial"]
[Site "St Petersburg"]
[Date "2015.10.09"]
[Round "7.111"]
[White "Kulagin, Sergey"]
[Black "Rybaizen, Boris"]
[Result "1-0"]
[WhiteElo "2055"]
[BlackElo "2324"]
[PlyCount "81"]
[EventDate "2015.10.03"]
[EventRounds "9"]
[EventCountry "RUS"]

1. e4 c6 2. d4 d5 3. Nd2 dxe4 4. Nxe4 Bf5 5. Ng3 Bg6 6. h4 h6 7. N1e2 e6 8. Nf4
Bh7 9. Bc4 Nf6 10. c3 Bd6 11. Nfh5 O-O 12. Bg5 Nbd7 13. Nxf6+ Nxf6 14. Bd3 Bxd3
15. Qxd3 Be7 16. O-O-O Nd5 17. Bxe7 Qxe7 18. Ne4 f5 19. Nd2 e5 20. dxe5 Qxe5
21. g3 a5 22. Rhe1 Qf6 23. Nc4 b5 24. Ne3 Rad8 25. Nxd5 Rxd5 26. Qe2 Rfd8 27.
Rxd5 Rxd5 28. Qe6+ Qxe6 29. Rxe6 c5 30. Ra6 a4 31. c4 bxc4 32. Rxa4 Rd4 33.
Ra8+ Kf7 34. a4 f4 35. a5 f3 36. a6 Re4 37. a7 Re1+ 38. Kd2 Re2+ 39. Kc3 Rxf2
40. Rd8 Rf1 41. a8=Q 1-0

[Event "Chigorin Memorial"]
[Site "St Petersburg"]
[Date "2015.10.09"]
[Round "7.112"]
[White "Timerkhanov, Alexander"]
[Black "Kharlamov, Igor"]
[Result "1-0"]
[WhiteElo "2321"]
[BlackElo "2065"]
[PlyCount "65"]
[EventDate "2015.10.03"]
[EventRounds "9"]
[EventCountry "RUS"]

1. d4 Nf6 2. Bg5 Ne4 3. Bf4 c5 4. f3 Nf6 5. d5 g6 6. Nc3 Bg7 7. e4 O-O 8. Qd2
Re8 9. Bh6 Bh8 10. e5 Nh5 11. g4 Ng7 12. O-O-O d6 13. exd6 exd6 14. Ne4 Rxe4
15. fxe4 Bxg4 16. Be2 Bxe2 17. Nxe2 Nd7 18. Rdf1 Nh5 19. Ng3 Nhf6 20. Qf4 Qa5
21. Nf5 Re8 22. Nxd6 Re7 23. Nf5 Re8 24. d6 Qxa2 25. Ne7+ Rxe7 26. dxe7 Ne8 27.
c3 Ne5 28. Rd1 Nc4 29. Rd8 Qxb2+ 30. Kd1 Qb3+ 31. Ke2 Qb5 32. Rxe8+ Qxe8 33.
Rd1 1-0

[Event "Chigorin Memorial"]
[Site "St Petersburg"]
[Date "2015.10.09"]
[Round "7.113"]
[White "Shuster, Andrei"]
[Black "Malyshev, Grigory"]
[Result "0-1"]
[WhiteElo "2053"]
[BlackElo "2293"]
[PlyCount "140"]
[EventDate "2015.10.03"]
[EventRounds "9"]
[EventCountry "RUS"]

1. e4 e6 2. d4 d5 3. Nd2 dxe4 4. Nxe4 Nd7 5. Nf3 Ngf6 6. Bd3 Nxe4 7. Bxe4 Nf6
8. Bg5 Qd6 9. Bd3 h6 10. Bd2 b6 11. c4 Bb7 12. O-O Be7 13. Qe2 O-O 14. Bc3 Rad8
15. Rad1 c5 16. Bb1 Rfe8 17. dxc5 Qxc5 18. Ne5 Bd6 19. Rfe1 Bxe5 20. Bxe5 Nd7
21. Bc3 Qg5 22. Be4 Bxe4 23. Qxe4 Nc5 24. Qf3 Rxd1 25. Rxd1 Rd8 26. Rxd8+ Qxd8
27. Qg4 f6 28. f4 Qd3 29. h3 Kf8 30. Bb4 Qxc4 31. Bxc5+ Qxc5+ 32. Kh2 Qd5 33.
b3 Qe4 34. Kh1 Kg8 35. Qh5 Qe3 36. Qe8+ Kh7 37. Qf7 Qc1+ 38. Kh2 Qxf4+ 39. Kh1
Qf1+ 40. Kh2 Qf4+ 41. Kh1 e5 42. Qxa7 Qf2 43. Qd7 e4 44. Kh2 e3 45. Qd4 f5 46.
a4 Qd2 47. Qf4 Kg6 48. b4 Qd3 49. Qg3+ Kf6 50. a5 bxa5 51. bxa5 g5 52. Qf3 Qd6+
53. Kh1 f4 54. Qe2 Qd2 55. Qa6+ Ke5 56. Qb5+ Kd4 57. Qb6+ Kc4 58. Qc6+ Kb4 59.
Qb6+ Ka4 60. Qc6+ Kxa5 61. Qc5+ Ka4 62. Qc4+ Ka3 63. Qa6+ Kb2 64. Qb5+ Kc1 65.
Kh2 e2 66. Qc5+ Kd1 67. Qa3 e1=Q 68. Qa1+ Ke2 69. Qe5+ Kf1 70. Qb5+ Qde2 0-1

[Event "Chigorin Memorial"]
[Site "St Petersburg"]
[Date "2015.10.09"]
[Round "7.114"]
[White "Tebenkov, Vladislav"]
[Black "Ovchinnikov, Vsevolod"]
[Result "0-1"]
[WhiteElo "2050"]
[BlackElo "2273"]
[PlyCount "144"]
[EventDate "2015.10.03"]
[EventRounds "9"]
[EventCountry "RUS"]

1. e4 e6 2. d4 d5 3. Nd2 Nf6 4. e5 Nfd7 5. Bd3 c5 6. c3 Nc6 7. Ne2 Qb6 8. Nf3
cxd4 9. cxd4 f6 10. exf6 Nxf6 11. O-O Bd6 12. Bf4 Bxf4 13. Nxf4 O-O 14. Ng5
Nxd4 15. Qb1 Nf5 16. Ngxe6 Bxe6 17. Nxe6 Qxe6 18. Bxf5 Qd6 19. Qd3 Rae8 20.
Rae1 Re5 21. Re3 Rxe3 22. Qxe3 Re8 23. Qxa7 Qe5 24. Bh3 Qxb2 25. g3 Ne4 26. Bg2
Nc3 27. Qc5 Qd2 28. Qd6 Qxa2 29. Qd7 Rf8 30. Bh3 b5 31. Qd6 Qa8 32. Re1 Qd8 33.
Qc5 Qf6 34. Re6 Qf3 35. Bg2 Qd1+ 36. Bf1 Ne4 37. Rxe4 dxe4 38. Qxb5 Qe1 39.
Qd5+ Kh8 40. Qc5 Re8 41. Qb5 Rd8 42. Qb6 Qd1 43. Qb4 Re8 44. Qb5 Qd8 45. Qc5 e3
46. fxe3 Qd2 47. Qd4 Qxe3+ 48. Qxe3 Rxe3 49. Kf2 Rc3 50. h4 Kg8 51. Bh3 Kf7 52.
Bf5 h6 53. Be4 Kf6 54. Bb1 Ke5 55. Bg6 Kd4 56. Bf5 Rb3 57. Bh7 Rb6 58. Kf3 Rf6+
59. Kg4 g6 60. Bg8 Ke3 61. Bb3 Kf2 62. Bc2 Rc6 63. Bd3 Rd6 64. Bc2 Rb6 65. Bxg6
Rxg6+ 66. Kh5 Rxg3 67. Kxh6 Kf3 68. h5 Kf4 69. Kh7 Kf5 70. h6 Kf6 71. Kh8 Rh3
72. h7 Kg6 0-1

[Event "Chigorin Memorial"]
[Site "St Petersburg"]
[Date "2015.10.09"]
[Round "7.115"]
[White "Volkov, Roman"]
[Black "Muromtsev, Arthur"]
[Result "1/2-1/2"]
[WhiteElo "2044"]
[BlackElo "2265"]
[PlyCount "116"]
[EventDate "2015.10.03"]
[EventRounds "9"]
[EventCountry "RUS"]

1. e4 c6 2. Nc3 d5 3. Qe2 dxe4 4. Nxe4 Nf6 5. Nxf6+ gxf6 6. Nf3 Bf5 7. d4 Nd7
8. g3 Nb6 9. Bg2 Qd7 10. O-O Bh3 11. Bxh3 Qxh3 12. c3 e6 13. Nd2 h5 14. Ne4 Be7
15. b4 Rd8 16. Nc5 Bxc5 17. bxc5 Nc8 18. Rb1 Rd7 19. Qf3 h4 20. Rb2 f5 21. Bf4
Qg4 22. Qe3 b5 23. cxb6 Nxb6 24. Qd3 h3 25. Rfb1 O-O 26. f3 Qg7 27. Qf1 Qh8 28.
Re2 Rc8 29. Be5 f6 30. Bf4 Kf7 31. Rbe1 Re8 32. Rb2 Rc8 33. Be3 Nd5 34. Bd2 c5
35. c4 Nb6 36. dxc5 Na4 37. Rc2 Nxc5 38. Be3 Na6 39. c5 Nb4 40. Rc4 Nd5 41. Bf2
f4 42. gxf4 f5 43. Qe2 Rc6 44. Kh1 Rb7 45. Bd4 Qh6 46. Be5 Rb5 47. Qf2 Ne7 48.
Rg1 Rc8 49. Rcc1 Rg8 50. Rxg8 Kxg8 51. Qg1+ Kf7 52. c6 Qh5 53. Qg7+ Ke8 54. Qg3
Nxc6 55. Qg8+ Ke7 56. Qg7+ Ke8 57. Qg8+ Ke7 58. Qg7+ Ke8 1/2-1/2

[Event "Chigorin Memorial"]
[Site "St Petersburg"]
[Date "2015.10.09"]
[Round "7.116"]
[White "Shapiro, David"]
[Black "Lysenko, Margarita"]
[Result "1-0"]
[WhiteElo "2255"]
[BlackElo "2059"]
[PlyCount "75"]
[EventDate "2015.10.03"]
[EventRounds "9"]
[EventCountry "RUS"]

1. c4 c6 2. e4 d5 3. exd5 cxd5 4. d4 Nf6 5. Nc3 dxc4 6. Bxc4 e6 7. Nf3 Be7 8.
O-O O-O 9. Bg5 a6 10. Ne5 b5 11. Be2 Bb7 12. Bf3 Ra7 13. Rc1 Nd5 14. Bxe7 Nxe7
15. Bxb7 Rxb7 16. Qf3 Rc7 17. Rfd1 Nbc6 18. Nxc6 Rxc6 19. a3 Qd7 20. Qg4 f5 21.
Qf3 Rfc8 22. h4 Nd5 23. h5 h6 24. Re1 Nxc3 25. Rxc3 Rxc3 26. bxc3 Qd5 27. Qg3
Rc6 28. Qb8+ Kh7 29. Qe8 Rd6 30. Re3 f4 31. Re5 Qb3 32. Rc5 Qb1+ 33. Kh2 Rd5
34. Rc8 Rxh5+ 35. Qxh5 Qe4 36. Qe5 Qg6 37. Rc6 f3 38. gxf3 1-0

[Event "Chigorin Memorial"]
[Site "St Petersburg"]
[Date "2015.10.09"]
[Round "7.117"]
[White "Petrov, Dmitri"]
[Black "Nikulina, Alena"]
[Result "1-0"]
[WhiteElo "2245"]
[BlackElo "2010"]
[PlyCount "85"]
[EventDate "2015.10.03"]
[EventRounds "9"]
[EventCountry "RUS"]

1. e4 c5 2. Nf3 Nf6 3. e5 Nd5 4. Nc3 e6 5. d4 cxd4 6. Nxd5 Qa5+ 7. c3 Qxd5 8.
Qxd4 Qxd4 9. Nxd4 a6 10. Be3 d6 11. exd6 Bxd6 12. O-O-O Bc7 13. Be2 e5 14. Nc2
O-O 15. Nb4 Be6 16. Bf3 Nc6 17. Nxc6 bxc6 18. Bxc6 Rad8 19. Bc5 Rxd1+ 20. Rxd1
Rd8 21. Rxd8+ Bxd8 22. a4 Bb3 23. Kd2 f5 24. f3 Bc4 25. b4 Bc7 26. Ke3 Bb8 27.
g4 fxg4 28. fxg4 Kf7 29. Be4 Be6 30. h3 h5 31. gxh5 Bxh3 32. Bb7 Bf1 33. b5 a5
34. Bd5+ Kf6 35. Bb6 Bd6 36. c4 Ke7 37. c5 Bb8 38. Bxa5 Bh3 39. Bb6 Bf1 40. Bc6
Bh3 41. a5 Bg4 42. a6 Bxh5 43. Bc7 1-0

[Event "Chigorin Memorial"]
[Site "St Petersburg"]
[Date "2015.10.09"]
[Round "7.118"]
[White "Shkalov, Oleg"]
[Black "Ustich, Ekaterina"]
[Result "1-0"]
[WhiteElo "2239"]
[BlackElo "1996"]
[PlyCount "79"]
[EventDate "2015.10.03"]
[EventRounds "9"]
[EventCountry "RUS"]

1. d4 Nf6 2. c4 e6 3. Nc3 Bb4 4. f3 d5 5. a3 Bxc3+ 6. bxc3 O-O 7. cxd5 exd5 8.
e3 Bf5 9. Ne2 h6 10. g4 Bg6 11. Nf4 c6 12. h4 Nfd7 13. Nxg6 fxg6 14. Bd3 Qf6
15. Kf2 Nb6 16. Kg2 N8d7 17. Rh3 Nc8 18. Qb3 b6 19. e4 Qf7 20. e5 Ne7 21. Bd2
Qe6 22. Rg3 Rf7 23. Rf1 Raf8 24. Qb1 Kh8 25. Qd1 Nb8 26. Kg1 c5 27. Rg2 Nbc6
28. Be3 Rc8 29. f4 c4 30. Bb1 Rcf8 31. Bc1 b5 32. Rff2 a5 33. Qd2 Rb8 34. h5
gxh5 35. Qc2 g6 36. f5 gxf5 37. gxf5 Qc8 38. f6 Ng8 39. Qg6 Rbb7 40. e6 1-0

[Event "Chigorin Memorial"]
[Site "St Petersburg"]
[Date "2015.10.09"]
[Round "7.119"]
[White "Pavlov, Anatoly F"]
[Black "Schetchikov, Vladimir"]
[Result "1-0"]
[WhiteElo "2018"]
[BlackElo "2222"]
[PlyCount "81"]
[EventDate "2015.10.03"]
[EventRounds "9"]
[EventCountry "RUS"]

1. d4 c5 2. d5 Nf6 3. Nf3 e6 4. c4 exd5 5. cxd5 d6 6. Nc3 g6 7. g3 Bg7 8. Bg2
O-O 9. O-O Re8 10. Re1 a6 11. a4 Ne4 12. Qb3 Qc7 13. Nxe4 Rxe4 14. Bd2 Nd7 15.
Bc3 f6 16. Ng5 c4 17. Qa3 Re7 18. Ne4 Nc5 19. Nxf6+ Kh8 20. f3 Rb8 21. Ne4 Nxe4
22. fxe4 b5 23. axb5 axb5 24. Bxg7+ Kxg7 25. Qc3+ Re5 26. b3 Qb6+ 27. e3 Bd7
28. bxc4 Rc8 29. Qd4 Rc5 30. cxb5 Bxb5 31. Reb1 Qc7 32. h4 Kh6 33. Kh2 Re7 34.
Rb2 Rf7 35. Rab1 Ba6 36. Qa4 Bd3 37. Rb7 Qxb7 38. Rxb7 Rxb7 39. Qd4 Ba6 40. g4
Be2 41. Qf6 1-0